00837nam a2200241Ia 4500003000400000005001700004008004100021020001800062040001800080041000800098082001900106100002600125245006300151250001200214260003800226300002600264650003400290650003600324650002100360942002900381999001900410952016600429OSt20220712110127.0210716s2008 xx 000 0 und d a9788181478870 cAIMIT LIBRARY aeng a511.821bKOST aKoshy, Thomas.948239 aDiscrete mathematics with applications /cBy Thomas Koshy. a1st ed. aLondon :bAcademic Press ,c2008. axxiv,1047p. ;c24 cm. aFunctions and matrices948240 aInduction and algorithms948241 aRelations948242 2ddccBKe1stk511.8 KOST c189040d189040 00102ddc40708MCAaAIMITbAIMITeAthulya Booksg495.00iBill no:ABK 505; Bill dt:2008-12l0o511.8 KOSTpMCA08548r2025-07-21 00:00:00v386.10w2021-07-16yBK